MyGZULibrary

Exploring corporate strategy / (Record no. 7234)

MARC details
000 -LEADER
fixed length control field 01034cam a2200301 a 4500
001 - CONTROL NUMBER
control field 2144488
003 - CONTROL NUMBER IDENTIFIER
control field GZU
005 - DATE AND TIME OF LATEST TRANSACTION
control field 20210506091019.0
008 - FIXED-LENGTH DATA ELEMENTS--GENERAL INFORMATION
fixed length control field 980928s1999 enkab b 001 0 eng
010 ## - LIBRARY OF CONGRESS CONTROL NUMBER
LC control number 98045769
020 ## - INTERNATIONAL STANDARD BOOK NUMBER
International Standard Book Number 0130807400 (text & cases)
020 ## - INTERNATIONAL STANDARD BOOK NUMBER
International Standard Book Number 0130807397 (text only)
040 ## - CATALOGING SOURCE
Original cataloging agency DLC
Transcribing agency DLC
Modifying agency DLC
050 00 - LIBRARY OF CONGRESS CALL NUMBER
Classification number HD30.28
Item number .J648 1999
082 00 - DEWEY DECIMAL CLASSIFICATION NUMBER
Classification number 658.4/012
Edition number 21
100 1# - MAIN ENTRY--PERSONAL NAME
Personal name Johnson, Gerry.
245 10 - TITLE STATEMENT
Title Exploring corporate strategy /
Statement of responsibility, etc. Gerry Johnson, Kevan Scholes.
250 ## - EDITION STATEMENT
Edition statement 5th ed.
260 ## - PUBLICATION, DISTRIBUTION, ETC.
Place of publication, distribution, etc. London ;
-- New York :
Name of publisher, distributor, etc. Prentice Hall Europe,
Date of publication, distribution, etc. 1999.
300 ## - PHYSICAL DESCRIPTION
Extent xxvi, 972 p. :
Other physical details ill., map ;
Dimensions 25 cm.
504 ## - BIBLIOGRAPHY, ETC. NOTE
Bibliography, etc. note Includes bibliographical references and index.
650 #0 - SUBJECT ADDED ENTRY--TOPICAL TERM
Topical term or geographic name entry element Business planning.
650 #0 - SUBJECT ADDED ENTRY--TOPICAL TERM
Topical term or geographic name entry element Strategic planning.
700 1# - ADDED ENTRY--PERSONAL NAME
Personal name Scholes, Kevan.
906 ## - LOCAL DATA ELEMENT F, LDF (RLIN)
a 7
b cbc
c orignew
d 1
e ocip
f 19
g y-gencatlg
942 ## - ADDED ENTRY ELEMENTS (KOHA)
Source of classification or shelving scheme Library of Congress Classification
Koha item type Books
Edition 5th
Classification part 30.28
Item part DAV
Call number prefix HD
Call number suffix 1999
Holdings
Withdrawn status Lost status Damaged status Not for loan Collection code Home library Current library Shelving location Date acquired Total Checkouts Full call number Barcode Date last seen Date last checked out Copy number Price effective from Koha item type Inventory number
        Non-fiction Graduate School Resource Centre Graduate School Resource Centre General Stacks 06/08/2021   HD 30.28 JOH 1999 10771 06/08/2021   c. 2 06/08/2021 Books 10771
        Non-fiction Mashava Campus Library Law Library General Stacks 05/06/2021 1 HD 30.28 JOH 1999 B016017 03/22/2024 03/22/2024 c.1 05/06/2021 Books